[Event "Nice-VItrolles"]
[Site "Nice"]
[Date "2007.10.21"]
[Round "1.1"]
[White "Suarez Real, Alberto"]
[Black "Gaudineau, Eric"]
[Result "1-0"]
[WhiteElo "2394"]
[BlackElo "2335"]
[PlyCount "83"]
[EventDate "2007.10.21"]

1. e4 e5 2. Nf3 Nc6 3. d4 exd4 4. Nxd4 Bc5 5. Be3 Qf6 6. c3 Nge7 7. g3 Bxd4 8.
cxd4 d5 9. Nc3 dxe4 10. Bg2 O-O 11. O-O Be6 12. Bxe4 Rad8 13. Qh5 Bf5 14. Bg5
Bg6 15. Qh4 Qd6 16. Bxc6 f6 17. Bxb7 fxg5 18. Qxg5 Rb8 19. Bd5+ Nxd5 20. Nxd5
Rxb2 21. Ne7+ Kh8 22. Nxg6+ Qxg6 23. Qe7 Qd6 24. Qe3 a5 25. Qc3 Qb4 26. Qe3 h6
27. Rac1 Qd6 28. a3 a4 29. Rc4 Rb3 30. Qe4 Rxa3 31. Rc6 Qd7 32. Re6 Rc3 33. Qe5
Rd3 34. Rxh6+ Kg8 35. Rh4 a3 36. Qe4 Qf5 37. Qe2 Qf3 38. Qe6+ Qf7 39. Qh3 Qd5
40. Rh5 Qe4 41. Rh8+ Kf7 42. Qd7+ 1-0

[Event "Nice-VItrolles"]
[Site "Nice"]
[Date "2007.10.21"]
[Round "1.2"]
[White "Midoux, Sebastien"]
[Black "Bujisho, Benjamin"]
[Result "0-1"]
[WhiteElo "2349"]
[BlackElo "2373"]
[PlyCount "110"]
[EventDate "2007.10.21"]

1. c4 Nf6 2. Nc3 e5 3. Nf3 Nc6 4. g3 Bb4 5. Nd5 Be7 6. d3 d6 7. Bg2 O-O 8. O-O
Nxd5 9. cxd5 Nb8 10. Bd2 c6 11. dxc6 Nxc6 12. b4 a6 13. a4 Be6 14. Rb1 Qd7 15.
Ng5 Bxg5 16. Bxg5 Bh3 17. Be3 Bxg2 18. Kxg2 Rfc8 19. Qb3 Ne7 20. b5 h5 21. bxa6
bxa6 22. Qb7 Qe6 23. Rfc1 h4 24. f3 Re8 25. Rb2 Nf5 26. Bf2 h3+ 27. Kg1 Rab8
28. Qxb8 Rxb8 29. Rxb8+ Kh7 30. Rc4 d5 31. Rb6 Qd7 32. Rcb4 Qc7 33. Rb1 Qc2 34.
Kf1 e4 35. dxe4 dxe4 36. R6b2 Qc6 37. Rb6 Qe8 38. R6b4 exf3 39. exf3 Qc6 40.
Re4 Qc2 41. Rbe1 Qd3+ 42. R1e2 Qxf3 43. Rf4 Nxg3+ 44. hxg3 Qg2+ 45. Ke1 h2 46.
Rh4+ Kg6 47. Rxh2 Qxh2 48. Re5 Qh1+ 49. Ke2 f6 50. Ra5 Qe4+ 51. Kf1 Qe6 52. Kg1
Kf7 53. Kh2 g5 54. Kg1 Kg6 55. g4 Qc4 0-1

[Event "Nice-VItrolles"]
[Site "Nice"]
[Date "2007.10.21"]
[Round "1.3"]
[White "Gachet, Sebastien"]
[Black "Cherki, Thomas"]
[Result "0-1"]
[WhiteElo "2284"]
[BlackElo "2208"]
[PlyCount "84"]
[EventDate "2007.10.21"]

1. e4 Nf6 2. e5 Nd5 3. d4 d6 4. Bc4 c6 5. Nf3 Bg4 6. h3 Bxf3 7. Qxf3 dxe5 8.
dxe5 e6 9. O-O Nd7 10. Qg3 Qc7 11. Re1 g6 12. Bb3 Bg7 13. f4 Ne7 14. Qf2 g5 15.
Qg3 Rg8 16. Qg4 gxf4 17. Qh5 Qb6+ 18. Kf1 Ng6 19. Qxh7 Kf8 20. Qh5 Ndxe5 21.
Nc3 Rh8 22. Qe2 f3 23. Qe3 fxg2+ 24. Kxg2 Nh4+ 25. Kf2 Ng4+ 26. hxg4 Bd4 27.
Kg3 Bxe3 28. Bxe3 Qa5 29. Ne4 Ng6 30. Bc5+ Kg8 31. g5 Rd8 32. Rad1 Rh4 33. Nf6+
Kg7 34. Re5 Nxe5 35. Rxd8 Qxd8 36. Kxh4 Qd2 37. Ne8+ Kg6 38. Kg3 Kxg5 39. Be7+
Kg6 40. Bc5 Qg5+ 41. Kf2 Ng4+ 42. Kg3 Nf6+ 0-1

[Event "Nice-VItrolles"]
[Site "Nice"]
[Date "2007.10.21"]
[Round "1.4"]
[White "Diaz, Mickael"]
[Black "Bes, Stephane"]
[Result "1/2-1/2"]
[WhiteElo "2288"]
[BlackElo "2134"]
[PlyCount "64"]
[EventDate "2007.10.21"]

1. d4 Nf6 2. c4 e6 3. Nf3 c5 4. g3 cxd4 5. Nxd4 Bb4+ 6. Bd2 Be7 7. Bg2 O-O 8.
O-O a6 9. Nc3 Nc6 10. Bf4 Nxd4 11. Qxd4 d6 12. Qd3 Nh5 13. Be3 Qc7 14. Rac1 Nf6
15. Rfd1 Ng4 16. Bf4 Ne5 17. Qb1 Ng6 18. Be3 Bd7 19. b3 Rab8 20. f4 Rfd8 21.
Bf2 Be8 22. h4 Bf8 23. Ne4 Be7 24. Ng5 h6 25. Nf3 Nf8 26. e4 Nd7 27. b4 b6 28.
a3 Nf6 29. Qd3 Ng4 30. Bd4 e5 31. Bb2 Bf6 32. Bh3 Ba4 {suite illisible} 1/2-1/2

[Event "Nice-VItrolles"]
[Site "Nice"]
[Date "2007.10.21"]
[Round "1.5"]
[White "Oliveira, Sancho"]
[Black "Peray, Sebastien"]
[Result "1-0"]
[WhiteElo "2212"]
[BlackElo "2174"]
[PlyCount "95"]
[EventDate "2007.10.21"]

1. e4 e5 2. Nf3 Nc6 3. Bb5 Nf6 4. O-O Nxe4 5. d4 Nd6 6. Bxc6 dxc6 7. dxe5 Nf5
8. Qxd8+ Kxd8 9. Nc3 h6 10. Rd1+ Ke8 11. b3 Ne7 12. h3 Ng6 13. Bb2 Bd7 14. Rd2
c5 15. Nd5 Rc8 16. Rad1 Be6 17. c4 Be7 18. Kh2 Bd8 19. Nc3 b6 20. Nb5 Ra8 21.
Nxa7 Rxa7 22. Rxd8+ Ke7 23. Rxh8 Nxh8 24. a4 Bf5 25. Rd2 c6 26. Nh4 Be4 27. g4
Rd7 28. Re2 Ng6 29. Nf5+ Bxf5 30. gxf5 Nf4 31. Re4 g5 32. Bc1 Rd3 33. Bxf4 gxf4
34. e6 Rd4 35. Re1 Rd6 36. Kg2 fxe6 37. Kf3 Rd3+ 38. Kxf4 Rxh3 39. Rxe6+ Kf7
40. Rxc6 Rxb3 41. Ke5 Rb2 42. Rxh6 Rc2 43. Kd5 Rxf2 44. Rxb6 Rxf5+ 45. Kc6 Ke7
46. a5 Rf4 47. a6 Rxc4 48. a7 1-0

[Event "Nice-VItrolles"]
[Site "Nice"]
[Date "2007.10.21"]
[Round "1.6"]
[White "Montagard, Guillaume"]
[Black "Benlolo, Alain"]
[Result "1/2-1/2"]
[WhiteElo "2222"]
[BlackElo "2076"]
[PlyCount "58"]
[EventDate "2007.10.21"]

1. c4 g6 2. Nc3 Bg7 3. g3 c5 4. Bg2 Nc6 5. Nf3 e6 6. d3 Nge7 7. h4 d5 8. cxd5
Nxd5 9. Bd2 b6 10. h5 Bb7 11. Qa4 Qd7 12. hxg6 hxg6 13. Rxh8+ Bxh8 14. Qh4 Bf6
15. Bg5 Bxg5 16. Qxg5 Nxc3 17. bxc3 Qe7 18. O-O-O O-O-O 19. Rh1 f6 20. Qxg6 c4
21. Rh7 Qa3+ 22. Kb1 Nb4 23. Nd4 Bxg2 24. Qf7 Qxa2+ 25. Kc1 Qa1+ 26. Kd2 Qb2+
27. Kd1 Qb1+ 28. Kd2 Qb2+ 29. Kd1 Qb1+ 1/2-1/2

[Event "Nice-VItrolles"]
[Site "Nice"]
[Date "2007.10.21"]
[Round "1.7"]
[White "Danielczyk, Emmanuel"]
[Black "Boghossian, Pierre"]
[Result "1/2-1/2"]
[WhiteElo "2027"]
[BlackElo "2029"]
[PlyCount "167"]
[EventDate "2007.10.21"]

1. e4 e6 2. d4 d5 3. Nc3 Nf6 4. e5 Ne4 5. Nxe4 dxe4 6. Be3 c5 7. dxc5 Nd7 8.
Qd4 Bxc5 9. Qxe4 Bxe3 10. Qxe3 Qa5+ 11. c3 Qxe5 12. Qxe5 Nxe5 13. Be2 Bd7 14.
Nf3 Ng6 15. g3 Bc6 16. O-O-O Ke7 17. Rhe1 Rhd8 18. Nd4 Bd5 19. b3 Rac8 20. Kb2
Ne5 21. c4 Bc6 22. f4 Nd7 23. Nxc6+ Rxc6 24. Bf3 Rc7 25. Rd4 Nc5 26. Red1 Rxd4
27. Rxd4 b6 28. b4 Rd7 29. Rxd7+ Nxd7 30. Kb3 Kd6 31. Ka4 a6 32. Bb7 Nb8 33.
Kb3 f6 34. Kc3 a5 35. a3 Nc6 36. h4 axb4+ 37. axb4 Ne7 38. Be4 h6 39. Bd3 Nc6
40. Be4 Nd8 41. Kd4 e5+ 42. Ke3 Ne6 43. Bd3 Nd4 44. Ke4 Nc6 45. b5 Nd4 46.
fxe5+ fxe5 47. g4 Ke6 48. g5 Nb3 49. Ke3 Nc5 50. Bc2 Kd6 51. Bf5 Nb3 52. Ke4
Nd2+ 53. Kd3 Nf3 54. gxh6 gxh6 55. h5 Ng5 56. Bg6 Kc5 57. Bf5 Kd6 58. Bg6 Ke6
59. Ke3 Kd6 60. Kd3 Ne6 61. Ke4 Nc5+ 62. Ke3 Nd7 63. Ke4 Nc5+ 64. Ke3 Nd7 65.
Ke4 Nc5+ 66. Ke3 Ke6 67. Bh7 Nd7 68. Bg6 Nf6 69. Kf3 Kd6 70. Ke3 Kc5 71. Kd3
Kb4 72. Bf7 Kc5 73. Bg6 Kd6 74. Ke3 Kc5 75. Kd3 e4+ 76. Bxe4 Nxe4 77. Kxe4 Kxc4
78. Kf5 Kxb5 79. Kg6 Kc6 80. Kxh6 b5 81. Kg6 b4 82. h6 b3 83. h7 b2 84. h8=Q
1/2-1/2

[Event "Nice-VItrolles"]
[Site "Nice"]
[Date "2007.10.21"]
[Round "1.8"]
[White "Hausard, Hilda"]
[Black "Moissidis, Monika"]
[Result "1-0"]
[WhiteElo "1949"]
[BlackElo "1736"]
[PlyCount "113"]
[EventDate "2007.10.21"]

1. e4 c5 2. Nc3 Nc6 3. g3 g6 4. Bg2 Bg7 5. d3 d6 6. f4 e6 7. Nf3 Nge7 8. O-O
O-O 9. Be3 Rb8 10. Qd2 b5 11. g4 Nd4 12. Nd1 Bb7 13. c3 Nxf3+ 14. Bxf3 f5 15.
Nf2 Qc7 16. Rae1 d5 17. exd5 exd5 18. d4 c4 19. Nh3 fxg4 20. Bxg4 Nf5 21. Bf2
Bc8 22. Bf3 Ne7 23. Ng5 Bh6 24. Bg3 Rb6 25. Qg2 Qd7 26. Re5 Rd6 27. Rfe1 Re8
28. Qe2 Bf8 29. Bg2 Qg4 30. Qxg4 Bxg4 31. Bxd5+ Kg7 32. Bg2 Bd7 33. Ne6+ Bxe6
34. Rxe6 Rxe6 35. Rxe6 Kf7 36. Ra6 Kg8 37. Rxa7 Rd8 38. Bh4 Re8 39. Bxe7 Bxe7
40. Bc6 Rc8 41. Rxe7 Rxc6 42. Rb7 Ra6 43. a3 Rf6 44. Rxb5 Rxf4 45. Rb4 Re4 46.
Rxc4 Re2 47. Rb4 g5 48. d5 Kf7 49. c4 Ke7 50. c5 Rd2 51. Rb7+ Kd8 52. d6 Rc2
53. b4 Rc1+ 54. Kf2 Rc2+ 55. Ke1 Rxh2 56. c6 Ra2 57. Rb8# 1-0

[Event "Bordeaux ASPOM-Ramonville"]
[Site "Bordeaux"]
[Date "2007.10.21"]
[Round "1.1"]
[White "Favarel, Julien"]
[Black "Lejarre, Ludovic"]
[Result "0-1"]
[WhiteElo "2268"]
[BlackElo "2393"]
[PlyCount "66"]
[EventDate "2007.10.21"]

1. e4 e5 2. Nf3 Nc6 3. Bb5 a6 4. Bxc6 dxc6 5. O-O Bg4 6. h3 Bh5 7. g4 Bg6 8.
Nxe5 Bd6 9. Nxg6 hxg6 10. Qf3 Qh4 11. Kg2 Bf4 12. d3 g5 13. Rh1 Bxc1 14. Rxc1
Ne7 15. Nc3 Ng6 16. Ne2 O-O-O 17. Rh1 Qh6 18. Kf1 Nh4 19. Qe3 Qf6 20. Rb1 Kb8
21. Ng3 g6 22. Ne2 Rhe8 23. a3 Qe5 24. f3 f5 25. Kf2 fxe4 26. dxe4 Rf8 27. Ng1
Rd6 28. c3 Qb5 (28... Rfd8) 29. Qe2 Rd3 30. a4 Qc5+ 31. Kg3 Re3 32. Qd1 Qe5+
33. Kf2 Qf4 0-1

[Event "Bordeaux ASPOM-Ramonville"]
[Site "Bordeaux"]
[Date "2007.10.21"]
[Round "1.2"]
[White "Gachon, Lionel"]
[Black "Cousigne, Frederic"]
[Result "1-0"]
[WhiteElo "2282"]
[BlackElo "2209"]
[PlyCount "59"]
[EventDate "2007.10.21"]

1. Nf3 f5 2. g3 Nf6 3. Bg2 e6 4. O-O Be7 5. d3 O-O 6. Nbd2 Nc6 7. e4 fxe4 8.
dxe4 e5 9. c3 a5 10. a4 Bc5 11. b4 axb4 12. cxb4 Bxb4 13. Nxe5 Kh8 14. Nd3 Bc3
15. Ra3 Bd4 16. Nf3 Bb6 17. e5 Ne4 18. Nh4 d5 19. exd6 Nxd6 20. Nf4 Nf5 21.
Nhg6+ hxg6 22. Nxg6+ Kh7 23. Qh5+ Kg8 24. g4 Nh6 25. Bd5+ Kh7 26. Bxh6 gxh6 27.
Nxf8+ Qxf8 28. Rf3 Qd6 29. Qf7+ Kh8 30. Qg8# 1-0

[Event "Bordeaux ASPOM-Ramonville"]
[Site "Bordeaux"]
[Date "2007.10.21"]
[Round "1.3"]
[White "Le Huec, Marc"]
[Black "Franca, Ricardo Bedin"]
[Result "0-1"]
[WhiteElo "2211"]
[BlackElo "2215"]
[PlyCount "104"]
[EventDate "2007.10.21"]

1. d4 d5 2. c4 c6 3. Nc3 Nf6 4. e3 a6 5. Nf3 b5 6. b3 Bg4 7. Be2 e6 8. O-O Nbd7
9. Bb2 Be7 10. Ne5 Bxe2 11. Nxe2 Rc8 12. Rc1 Nxe5 13. dxe5 Nd7 14. Nf4 O-O 15.
Qg4 Kh8 16. Rfd1 bxc4 17. bxc4 Rb8 18. Bd4 Rb7 19. cxd5 cxd5 20. Rc6 Qa5 21.
Qe2 Nb8 22. Rc2 Rc7 23. Rb1 Rfc8 24. Rxc7 Qxc7 25. g3 a5 26. Qb2 Nd7 27. Qb7 h6
28. Qxc7 Rxc7 29. a4 Bb4 30. Nd3 Rc4 31. Nb2 Rc8 32. Nd3 Rb8 33. Nxb4 Rxb4 34.
Rc1 Nb8 35. Rc5 Kh7 36. Rxa5 Nc6 37. Ra6 Nxd4 38. exd4 Rxd4 39. Ra7 Kg6 40. f4
Rd2 41. Ra6 Kf5 42. Ra7 f6 43. Rxg7 fxe5 44. fxe5 Kxe5 45. Rh7 Ra2 46. Rxh6 d4
47. Kf1 d3 48. Ke1 Kd5 49. g4 e5 50. g5 e4 51. Rh3 Kd4 52. Rh4 Rg2 0-1

[Event "Bordeaux ASPOM-Ramonville"]
[Site "Bordeaux"]
[Date "2007.10.21"]
[Round "1.4"]
[White "Bedos, Michel"]
[Black "Calas, Bernard"]
[Result "1-0"]
[WhiteElo "2286"]
[BlackElo "2161"]
[PlyCount "77"]
[EventDate "2007.10.21"]

1. d4 g6 2. e4 Bg7 3. Nc3 c5 4. d5 d6 5. Bb5+ Nd7 6. a4 a6 7. Be2 b6 8. Nf3
Ngf6 9. O-O O-O 10. h3 Bb7 11. Bf4 Qc7 12. Re1 Rad8 13. Nd2 e6 14. dxe6 fxe6
15. Bc4 Rde8 16. Bh2 Nh5 17. Nf3 Ne5 18. Nxe5 Bxe5 19. Bxe5 dxe5 20. g3 Kg7 21.
Qe2 Qf7 22. Rad1 Re7 23. Rd6 Qf6 24. Red1 b5 25. axb5 axb5 26. Bxb5 Ref7 27.
Rd7 Bc8 28. Rxf7+ Rxf7 29. Qe3 h6 30. Be2 Nf4 31. gxf4 exf4 32. Qf3 Rb7 33. Na4
h5 34. e5 Qg5+ 35. Kh2 Rc7 36. Rg1 Qh4 37. Qg2 Kf8 38. Qxg6 Qxf2+ 39. Rg2 1-0

[Event "Bordeaux ASPOM-Ramonville"]
[Site "Bordeaux"]
[Date "2007.10.21"]
[Round "1.5"]
[White "Jaureguiberry, Cedric"]
[Black "Bolon, Karelle"]
[Result "1/2-1/2"]
[WhiteElo "2149"]
[BlackElo "2103"]
[PlyCount "82"]
[EventDate "2007.10.21"]

1. e4 c5 2. Nf3 e6 3. d4 cxd4 4. Nxd4 a6 5. Nc3 Qc7 6. g3 d6 7. Bg2 Bd7 8. O-O
Nf6 9. f4 Nc6 10. Be3 Rc8 11. Nxc6 Bxc6 12. a4 Be7 13. a5 O-O 14. g4 d5 15. Bb6
Qb8 16. exd5 Nxd5 17. Nxd5 Bxd5 18. Bxd5 exd5 19. Bd4 Bd6 20. Qd2 Qc7 21. c3
Bc5 22. Kg2 Bxd4 23. Qxd4 Qd7 24. h3 Rc4 25. Qd3 Qb5 26. Rf2 d4 27. cxd4 Qd5+
28. Qf3 Rxd4 29. Rc1 Qd7 30. Rc3 Re8 31. Re3 Rxe3 32. Qxe3 Rd3 33. Qe4 h5 34.
f5 hxg4 35. hxg4 Qd6 36. Qf4 Qxf4 37. Rxf4 Rb3 38. Rc4 Rxb2+ 39. Kf3 Rb5 40.
Rc7 Rb4 41. g5 Rb3+ 1/2-1/2

[Event "Bordeaux ASPOM-Ramonville"]
[Site "Bordeaux"]
[Date "2007.10.21"]
[Round "1.6"]
[White "Juglard, Eric"]
[Black "Favarel, Antoine"]
[Result "1-0"]
[WhiteElo "2128"]
[BlackElo "2087"]
[PlyCount "55"]
[EventDate "2007.10.21"]

1. d4 d5 2. Nc3 e6 3. e4 dxe4 4. Nxe4 Nf6 5. Nxf6+ Qxf6 6. Nf3 h6 7. Bd3 Bd6 8.
Bd2 O-O 9. Qe2 Qe7 10. O-O-O c5 11. dxc5 Bxc5 12. Bc3 Nc6 13. Qe4 f5 14. Qe2
Bb4 15. Be5 a5 16. c3 Nxe5 17. Nxe5 Bc5 18. f4 Qc7 19. Bb5 a4 20. Qd3 a3 21. b3
Bb4 22. Kb1 Qxc3 23. Qxc3 Bxc3 24. Ng6 Rf6 25. Rd8+ Kf7 26. Nh8+ Ke7 27. Rhd1
Rf8 28. Ng6+ 1-0

[Event "Bordeaux ASPOM-Ramonville"]
[Site "Bordeaux"]
[Date "2007.10.21"]
[Round "1.7"]
[White "Maghrabi, Yvan"]
[Black "Iwanesko, Alexandre"]
[Result "1/2-1/2"]
[WhiteElo "2072"]
[BlackElo "2012"]
[PlyCount "82"]
[EventDate "2007.10.21"]

1. e4 c5 2. Nf3 e6 3. c4 Nc6 4. Nc3 a6 5. g3 Nf6 6. Bg2 Be7 7. d4 cxd4 8. Nxd4
Qb6 9. Nc2 d6 10. O-O Qc7 11. b3 Rb8 12. a4 Bd7 13. Ba3 O-O 14. Kh1 Rfd8 15. f4
Bf8 16. g4 Na7 17. g5 Ne8 18. f5 Bc6 19. fxe6 fxe6 20. Nd4 Qe7 21. Qg4 Bd7 22.
e5 Nc6 23. Nxc6 Bxc6 24. Ne4 Qd7 25. Qf4 Nc7 26. Bxd6 Bxe4 27. Qxe4 Bxd6 28.
Rad1 Qe7 29. exd6 Rxd6 30. Rxd6 Qxd6 31. Qf4 Qxf4 32. Rxf4 a5 33. Rd4 Na6 34.
Rd6 Nc5 35. Rb6 Kf7 36. h4 Ke7 37. Kh2 Kd7 38. Kg3 Kc7 39. Rb5 b6 40. Kf4 Rf8+
41. Ke3 Rf5 1/2-1/2

[Event "Bordeaux ASPOM-Ramonville"]
[Site "Bordeaux"]
[Date "2007.10.21"]
[Round "1.8"]
[White "Devos, Herve"]
[Black "Garma, Jovanka"]
[Result "1/2-1/2"]
[WhiteElo "1886"]
[BlackElo "1738"]
[PlyCount "81"]
[EventDate "2007.10.21"]

1. e4 c5 2. d4 cxd4 3. c3 d3 4. Bxd3 d6 5. c4 Nc6 6. Nc3 e6 7. Nf3 Nf6 8. O-O
Be7 9. b3 b6 10. Bb2 O-O 11. Qe2 Qc7 12. Nb5 Qb8 13. e5 dxe5 14. Nxe5 Nb4 15.
Rad1 Nxd3 16. Rxd3 Qb7 17. Rg3 a6 18. Nd4 Qe4 19. Re3 Qb7 20. Re1 Nd7 21. Rg3
Nxe5 22. Qxe5 f6 23. Qh5 Bd6 24. Rh3 g6 25. Qf3 e5 26. Qxb7 Bxb7 27. Nc2 Rad8
28. Rd3 Be7 29. Red1 Rxd3 30. Rxd3 Rd8 31. Rxd8+ Bxd8 32. f3 Kf7 33. Kf2 Be7
34. b4 Bc6 35. a3 Ke6 36. Bc1 Ba4 37. Ne3 Bc6 38. Nc2 f5 39. g3 Ba4 40. Ne3 Bb3
41. Nd5 1/2-1/2

[Event "Montpellier Diagonale-Montpellier II"]
[Site "Montpellier"]
[Date "2007.10.21"]
[Round "1.1"]
[White "Rodriguez, Amador"]
[Black "Pert, Nicholas"]
[Result "1/2-1/2"]
[WhiteElo "2481"]
[BlackElo "2539"]
[PlyCount "54"]
[EventDate "2007.10.21"]

1. e4 e6 2. d4 d5 3. Nc3 Bb4 4. e5 c5 5. a3 Bxc3+ 6. bxc3 Ne7 7. Qg4 cxd4 8.
cxd4 Qc7 9. Bd2 Qxc2 10. Qxg7 Rg8 11. Qh6 Qb2 12. Rd1 Qxd4 13. Nf3 Qe4+ 14. Be3
Qg6 15. Qf4 Nbc6 16. Bd3 Qg7 17. h4 Bd7 18. h5 d4 19. Bd2 Nd5 20. Qe4 f5 21.
exf6 Nxf6 22. Qh4 O-O-O 23. h6 Qh8 24. Bg5 Rdf8 25. Kf1 Nd5 26. Rc1 e5 27. Qe4
Rxg5 1/2-1/2

[Event "Montpellier Diagonale-Montpellier II"]
[Site "Montpellier"]
[Date "2007.10.21"]
[Round "1.2"]
[White "Anic, Darko"]
[Black "Palleja, Xavier"]
[Result "1/2-1/2"]
[WhiteElo "2449"]
[BlackElo "2256"]
[PlyCount "113"]
[EventDate "2007.10.21"]

1. Nf3 d5 2. g3 Bg4 3. Bg2 c6 4. d3 Nf6 5. Nbd2 Nbd7 6. h3 Bh5 7. O-O e5 8. e4
dxe4 9. dxe4 Be7 10. Qe1 O-O 11. Nc4 Qc7 12. Nh4 Rfd8 13. Nf5 Bf8 14. Bd2 Ne8
15. a4 f6 16. b4 Nb6 17. Nb2 Nd6 18. Ne3 Qf7 19. Bc3 Nbc4 20. Qc1 Nxe3 21. Qxe3
Nc4 22. Nxc4 Qxc4 23. Rfb1 Qe2 24. Qxe2 Bxe2 25. Bf1 Bxf1 26. Kxf1 Rd7 27. Rd1
Rad8 28. Rxd7 Rxd7 29. Ke2 Kf7 30. Rb1 Ke6 31. Bd2 c5 32. c3 cxb4 33. cxb4 Rc7
34. Kd3 Rd7+ 35. Kc2 Be7 36. Be3 a6 37. b5 Rc7+ 38. Kb3 Bc5 39. Rc1 Kd6 40.
Rd1+ Ke7 41. Bxc5+ Rxc5 42. Kb4 Rc2 43. Ka5 axb5 44. axb5 Rxf2 45. Kb6 Rb2 46.
Rd5 Ke6 47. Rc5 Rb3 48. Kxb7 Rxg3 49. Kc6 Rxh3 50. b6 Rd3 51. b7 Rd8 52. Rd5
Rb8 53. Rd7 g6 54. Rd6+ Ke7 55. Rd7+ Ke6 56. Rd6+ Ke7 57. Rd7+ 1/2-1/2

[Event "Montpellier Diagonale-Montpellier II"]
[Site "Montpellier"]
[Date "2007.10.21"]
[Round "1.3"]
[White "Bertrand, Frederic"]
[Black "Zharkov, Hleb"]
[Result "1/2-1/2"]
[WhiteElo "2279"]
[BlackElo "2239"]
[PlyCount "46"]
[EventDate "2007.10.21"]

1. d4 f5 2. c4 Nf6 3. Nc3 e6 4. Nf3 Be7 5. d5 O-O 6. g3 Ne4 7. Nxe4 fxe4 8. Nd2
exd5 9. cxd5 Bb4 10. Qb3 Na6 11. Bg2 Qg5 12. a3 Ba5 13. Qa4 Qxd5 14. Bxe4 Qe5
15. Qc2 d5 16. Bxh7+ Kh8 17. O-O Bh3 18. Nf3 Rxf3 19. exf3 Bxf1 20. Bf4 Qh5 21.
Bg6 Qxf3 22. Rxf1 Rf8 23. Bd3 Rxf4 1/2-1/2

[Event "Montpellier Diagonale-Montpellier II"]
[Site "Montpellier"]
[Date "2007.10.21"]
[Round "1.4"]
[White "Touzane, Olivier"]
[Black "Guerin, Gilles"]
[Result "1-0"]
[WhiteElo "2325"]
[BlackElo "2244"]
[PlyCount "85"]
[EventDate "2007.10.21"]

1. d4 d5 2. c4 e6 3. Nf3 Nf6 4. g3 Bb4+ 5. Bd2 Bxd2+ 6. Nbxd2 b6 7. Bg2 Bb7 8.
cxd5 Bxd5 9. O-O O-O 10. Qc2 Nbd7 11. b4 Rc8 12. Rfc1 c5 13. dxc5 bxc5 14. b5
e5 15. Nc4 Qe7 16. Bh3 e4 17. Nh4 g6 18. Ng2 Be6 19. Bxe6 Qxe6 20. Nf4 Qe7 21.
Qb2 g5 22. Ng2 Nd5 23. Rd1 N5b6 24. Qc1 Qf6 25. Nxb6 Nxb6 26. Qa3 Rc7 27. Rac1
Qe5 28. Ne3 f5 29. Qc3 Qe6 30. Nc4 Nxc4 31. Qxc4 Kf7 32. Rd5 Ke7 33. Rcd1 Rd8
34. a4 Rxd5 35. Rxd5 h6 36. a5 Kf6 37. Qc3+ Kf7 38. Rxc5 Rxc5 39. Qxc5 Qd7 40.
Qc4+ Ke7 41. b6 axb6 42. axb6 Kd6 43. Qb4+ 1-0

[Event "Montpellier Diagonale-Montpellier II"]
[Site "Montpellier"]
[Date "2007.10.21"]
[Round "1.5"]
[White "Serreau, David"]
[Black "Dussol, Pierre"]
[Result "1-0"]
[WhiteElo "2181"]
[BlackElo "2225"]
[PlyCount "127"]
[EventDate "2007.10.21"]

1. Nf3 Nf6 2. c4 g6 3. b3 Bg7 4. Bb2 O-O 5. g3 c5 6. Bg2 Nc6 7. O-O d6 8. d4
Bg4 9. Nbd2 cxd4 10. Nxd4 Qd7 11. N2f3 Nh5 12. Qd2 e5 13. Nb5 Rad8 14. Rad1 Bh3
15. Nxd6 Bxg2 16. Kxg2 e4 17. Ng5 e3 18. fxe3 Qxd6 19. Qxd6 Rxd6 20. Rxd6 Bxb2
21. g4 Ng7 22. Rd7 f6 23. Nf3 f5 24. Nd4 Ne5 25. Rxg7+ Kxg7 26. Ne6+ Kf7 27.
Nxf8 Kxf8 28. gxf5 g5 29. h3 Ke7 30. Rd1 Ba3 31. Rd5 Bd6 32. c5 Bc7 33. b4 h6
34. b5 Nd7 35. Kf3 h5 36. f6+ Nxf6 37. Rxg5 Kf7 38. e4 h4 39. a4 Bd8 40. Rg1
Nd7 41. Rd1 Ke6 42. Rd5 Be7 43. c6 bxc6 44. bxc6 Nb6 45. Ra5 Nc8 46. Rh5 Kd6
47. Rh6+ Kc7 48. e5 a5 49. Ke4 Bg5 50. Rh5 Bd8 51. Rh8 Nb6 52. e6 Be7 53. Rh5
Bb4 54. Rxh4 Nxa4 55. Rh7+ Kxc6 56. Kf5 Nc3 57. Kf6 a4 58. Ra7 Nd5+ 59. Kf7 a3
60. e4 Nc7 61. e7 Kb6 62. Rxc7 Bxe7 63. Rc2 Bc5 64. e5 1-0

[Event "Montpellier Diagonale-Montpellier II"]
[Site "Montpellier"]
[Date "2007.10.21"]
[Round "1.6"]
[White "Flear, Christine"]
[Black "Vaklinov, Vasil"]
[Result "1-0"]
[WhiteElo "2149"]
[BlackElo "2181"]
[PlyCount "107"]
[EventDate "2007.10.21"]

1. d4 d6 2. c4 g6 3. Nc3 Bg7 4. e4 e5 5. Nf3 exd4 6. Nxd4 Nc6 7. Be3 Nge7 8. h4
h5 9. Be2 O-O 10. Qd2 f5 11. Nxc6 bxc6 12. Bd4 Bxd4 13. Qxd4 c5 14. Qd2 Bb7 15.
Bd3 Qe8 16. O-O-O Qf7 17. b3 Rae8 18. f3 f4 19. Rhg1 Nc6 20. Nd5 Ne5 21. Bc2 a5
22. a4 c6 23. Nc3 Rd8 24. Rde1 Qf6 25. Rh1 Ba6 26. Nd1 Rb8 27. Qc3 Rb4 28. Nb2
Rd8 29. Re2 Kf7 30. Rd2 Ke7 31. Rhd1 Rd7 32. Nd3 Nxd3+ 33. Rxd3 Qxc3 34. Rxc3
Rb8 35. e5 dxe5 36. Rxd7+ Kxd7 37. Bxg6 Rg8 38. Bxh5 Rxg2 39. Bg4+ Kc7 40. Rc2
Rg1+ 41. Kb2 e4 42. h5 e3 43. Kc3 Bc8 44. Bxc8 Kxc8 45. Rh2 Rc1+ 46. Kd3 Rd1+
47. Ke4 e2 48. Rxe2 Rh1 49. Kxf4 Rxh5 50. Re5 Rh4+ 51. Kg3 Rd4 52. Rxc5 Rd3 53.
Rxc6+ Kb7 54. Rc5 1-0

[Event "Montpellier Diagonale-Montpellier II"]
[Site "Montpellier"]
[Date "2007.10.21"]
[Round "1.8"]
[White "Guennoun, Anthony"]
[Black "Py, Jean"]
[Result "1-0"]
[WhiteElo "2154"]
[BlackElo "2140"]
[PlyCount "43"]
[EventDate "2007.10.21"]

1. e4 e6 2. d4 d5 3. Nc3 Nf6 4. e5 Ng8 5. Be3 Nd7 6. f4 g6 7. Nf3 h5 8. Qd2 a6
9. O-O-O b5 10. Be2 Nb6 11. Bf2 Bd7 12. Ng5 Be7 13. g3 Nc4 14. Qe1 Bxg5 15.
fxg5 Qxg5+ 16. Kb1 Qe7 17. b3 Qa3 18. bxc4 bxc4 19. Ka1 Ne7 20. Nb1 Qa4 21. Nc3
Qa5 22. Ne4 1-0

[Event "Echiquier Bordelais-Nice"]
[Site "Saint Affrique"]
[Date "2007.11.24"]
[Round "2.1"]
[White "Lemeaux, David"]
[Black "Bujisho, Benjamin"]
[Result "0-1"]
[WhiteElo "2227"]
[BlackElo "2373"]
[PlyCount "72"]
[EventDate "2007.11.24"]
[WhiteTeam "Echiquier Bordelais"]
[BlackTeam "Nice"]

1. d4 Nf6 2. c4 Nc6 3. Nf3 e6 4. Nc3 Bb4 5. Qc2 d6 6. a3 Bxc3+ 7. Qxc3 Qe7 8.
b3 e5 9. dxe5 dxe5 10. Bb2 Ne4 11. Qe3 Bf5 12. g3 Rd8 13. Bg2 Nc5 14. O-O f6
15. Nh4 Be6 16. Bxc6+ bxc6 17. Bc3 Nxb3 18. Bb4 c5 19. Qxb3 cxb4 20. axb4 O-O
21. Rxa7 Rd4 22. Rc1 Qf7 23. Qe3 Rfd8 24. Nf3 Rxc4 25. Rxc4 Bxc4 26. Kg2 h6 27.
Qc5 Rd7 28. Qe3 Qd5 29. g4 e4 30. Nh4 Qg5 31. Qg3 Bxe2 32. h3 Qc1 33. Ra8+ Kh7
34. Qe3 Bf1+ 35. Kh2 Qxe3 36. fxe3 Rd2+ 0-1

[Event "Echiquier Bordelais-Nice"]
[Site "Saint Affrique"]
[Date "2007.11.24"]
[Round "2.2"]
[White "Suarez Real, Alberto"]
[Black "Faber, Michel"]
[Result "0-1"]
[WhiteElo "2394"]
[BlackElo "2240"]
[PlyCount "106"]
[EventDate "2007.11.24"]
[WhiteTeam "Nice"]
[BlackTeam "Echiquier Bordelais"]

1. e4 c5 2. Nf3 Nc6 3. d4 cxd4 4. Nxd4 Nf6 5. Nc3 d6 6. Bg5 Bd7 7. Be2 Qa5 8.
Bxf6 gxf6 9. Nf5 Bxf5 10. exf5 Qxf5 11. Nd5 Rc8 12. O-O Rg8 13. Re1 Kd8 14. b4
Ne5 15. Ne3 Qe4 16. Bd3 Qh4 17. Bf1 e6 18. g3 Qxb4 19. Bg2 b6 20. a4 Rc5 21. a5
Rxa5 22. c3 Qc5 23. Qh5 h6 24. Rad1 Ra2 25. f4 Ng6 26. Qf3 d5 27. Kh1 Ne7 28.
c4 d4 29. Qe4 Nc6 30. Qxc6 Qxc6 31. Bxc6 Kc7 32. Be8 dxe3 33. Rd7+ Kc8 34. Rxf7
Bc5 35. Bd7+ Kb8 36. Bxe6 Re8 37. Bg4 e2 38. Rxf6 Bb4 39. Rxe2 Rexe2 40. Bxe2
Rxe2 41. Rxh6 Bc5 42. g4 a5 43. g5 a4 44. g6 a3 45. Rh8+ Kb7 46. Rh7+ Ka6 47.
Rh8 Re1+ 48. Kg2 Rg1+ 49. Kf3 Rxg6 50. Ra8+ Kb7 51. Ra4 Rh6 52. Kg3 Bd6 53. h4
Be7 0-1